000 00376nam a2200145Ia 4500
008 230917s9999||||xx |||||||||||||| ||und||
040 _e248187
_aMAIN
041 _aEnglish
082 _a332.10954 A82A
100 _aAnshu
245 0 _aAnalytical study on occupational stress among bank employees in Gurugram district
260 _c2016
300 _a97 p.
942 _cTH
999 _c127646
_d127646